Data Mining : (Record no. 16103)
[ view plain ]
| 000 -LEADER | |
|---|---|
| fixed length control field | 00787cam a22002414a 4500 |
| 001 - CONTROL NUMBER | |
| control field | 16722365 |
| 005 - DATE AND TIME OF LATEST TRANSACTION | |
| control field | 20190424153407.0 |
| 008 - FIXED-LENGTH DATA ELEMENTS--GENERAL INFORMATION | |
| fixed length control field | 110405s2011 maua frb 001 0 eng d |
| 040 ## - CATALOGING SOURCE | |
| Original cataloging agency | DLC |
| Language of cataloging | eng |
| Transcribing agency | DLC |
| Modifying agency | DLC |
| 082 04 - DEWEY DECIMAL CLASSIFICATION NUMBER | |
| Classification number | 006.312 |
| Item number | HAN |
| Edition number | 22 |
| 100 1# - MAIN ENTRY--PERSONAL NAME | |
| Personal name | Han, Jiawei. |
| 9 (RLIN) | 27401 |
| 245 10 - TITLE STATEMENT | |
| Title | Data Mining : |
| Remainder of title | Concepts and Techniques / |
| Statement of responsibility, etc | Jiawei Han, Micheline Kamber, Jian Pei. |
| 250 ## - EDITION STATEMENT | |
| Edition statement | 3rd ed. |
| 260 ## - PUBLICATION, DISTRIBUTION, ETC. (IMPRINT) | |
| Place of publication, distribution, etc | Burlington, MA : |
| Name of publisher, distributor, etc | Elsevier, |
| Date of publication, distribution, etc | 2011. |
| 300 ## - PHYSICAL DESCRIPTION | |
| Extent | xxxv, 703 p. : |
| Other physical details | ill. ; |
| Dimensions | 25 cm. |
| 650 #7 - SUBJECT ADDED ENTRY--TOPICAL TERM | |
| Topical term or geographic name as entry element | Data mining. |
| 9 (RLIN) | 27402 |
| Source of heading or term | BUEsh |
| 651 ## - SUBJECT ADDED ENTRY--GEOGRAPHIC NAME | |
| Source of heading or term | BUEsh |
| 653 ## - INDEX TERM--UNCONTROLLED | |
| Resource For college | Informatics and Computer Science |
| Arrived date list | October2011 |
| 700 1# - ADDED ENTRY--PERSONAL NAME | |
| Personal name | Kamber, Micheline. |
| 9 (RLIN) | 27403 |
| 700 1# - ADDED ENTRY--PERSONAL NAME | |
| Personal name | Pei, Jian |
| 9 (RLIN) | 27400 |
| 942 ## - ADDED ENTRY ELEMENTS (KOHA) | |
| Source of classification or shelving scheme | Dewey Decimal Classification |
| Item type | Book - Borrowing |
| Withdrawn status | Item status | Source of classification or shelving scheme | Damaged status | Not for loan | Vendor | Home library | Current library | Shelving location | Date acquired | Source of acquisition | Total Checkouts | Total Renewals | Full call number | Barcode | Date last seen | Date last borrowed | Koha item type |
|---|---|---|---|---|---|---|---|---|---|---|---|---|---|---|---|---|---|
| Dewey Decimal Classification | Baccah | Central Library | Central Library | Lower Floor | 03/10/2011 | Purchase | 11 | 61 | 006.312 HAN | 000024971 | 15/07/2025 | 20/03/2019 | Book - Borrowing |